ბათუმის შოთა რუსთაველის სახელმწიფო უნივერსიტეტის ბიბლიოთეკა

Landeskunde: Praktische Orienterungen fur Deutschlond Osterreich und die Schweiz: aktiv: Niveaustufen ab A2 (ბიბ.ჩანაწერი № 55643)

000 -LEADER
fixed length control field 00704nam a2200229Ia 4500
001 - CONTROL NUMBER
control field 22738
003 - CONTROL NUMBER IDENTIFIER
control field GE_BSU
008 - FIXED-LENGTH DATA ELEMENTS--GENERAL INFORMATION
fixed length control field 181216s||||||||xx |||||||||||||| ||und||
020 ## - INTERNATIONAL STANDARD BOOK NUMBER
International Standard Book Number 9783192017414
040 ## - CATALOGING SOURCE
Transcribing agency GE_BSU
100 ## - MAIN ENTRY--PERSONAL NAME
Personal name Bayerlin, Oliver.
245 ## - TITLE STATEMENT
Title Landeskunde: Praktische Orienterungen fur Deutschlond Osterreich und die Schweiz: aktiv: Niveaustufen ab A2
245 ## - TITLE STATEMENT
Remainder of title Deutsch als Fremdsprache
260 ## - PUBLICATION, DISTRIBUTION, ETC.
Place of publication, distribution, etc. Munchen
260 ## - PUBLICATION, DISTRIBUTION, ETC.
Name of publisher, distributor, etc. Verlag
260 ## - PUBLICATION, DISTRIBUTION, ETC.
Date of publication, distribution, etc. 2013
300 ## - PHYSICAL DESCRIPTION
Extent CD
653 ## - INDEX TERM--UNCONTROLLED
Uncontrolled term Landeskunde: Praktische Orienterungen fur Deutschlond Osterreich und die Schweiz: aktiv: Niveaustufen ab A2
653 ## - INDEX TERM--UNCONTROLLED
Uncontrolled term გერმანული ენა
942 ## - ADDED ENTRY ELEMENTS (KOHA)
Koha item type კომპიუტერის ფაილები
ეგზემპლარები
Withdrawn status Lost status Damaged status Not for loan Date acquired Barcode Date last seen Price effective from Koha item type
        2018-12-17 cd 414 2018-12-17 2018-12-17 კომპიუტერის ფაილები